00521nam a22001817a 450000500170000001000130001702000230003003500130005303500130006603700130007908200100009210000170010224501090011926000440022830000240027270000190029670000240031520191115152326.0 aB-127078 a8120325907c625.00 aB-127077 aB-127078 aDPLbENG a005.3 aFrye, Curtis aMicrosoft office excel 2003 programming inside out /cby Curtis Fyre, Wayne Freeze and Flicia Buckingham aNew DelhibPrentice-Hall of Indiac2004 axxv, 594p.c22 cms. aFreeze, Wayne  aBuckingham, Felicia